Pompeii Trivia - Statistics

General Stats
  • This quiz has been taken 178 times
    146 since last reset
  • The average score is 5 of 10
Answer Stats
Question Answer % Correct
Country where it once stood Italy
98%
Name of the volcano that erupted burying the city in ash Mount Vesuvius
91%
Year that this eruption occurred 79 A.D.
76%
City that this eruption also covered in ash Herculaneum
64%
Pompeii is located near which bay Bay of Naples
57%
The kind of rock that rained from the sky during the eruption Pumice
42%
Pompeii's largest house: House of the ____ Faun
28%
Theatre: House of the Tragic ____ Poet
25%
Emperor of Rome during the eruption Titus
23%
Garden: House of Loreius __________ Tiburtinus
8%
No matching quizzes found
Score Distribution
Percent of People with Each Score
Percentile by Number Answered
Your Score History
You have not taken this quiz since the last reset